000 00935nmm a2200277 a 4500
001 ocm0001732467
003 TR-IsHL
005 20201028171125.0
008 180221s2018 tu ger
007 cr cn
020 _a9786052259108
035 _a1732467
_b(N$T)
050 0 4 _aPR4572.C68
_bW45 2018
090 0 4 _aPR4572.C68
_bW45 2018
100 1 _aDickens, Charles
245 1 0 _aDer weihnachtsabend
_h[electronic resource] /
_cCharles Dickens ; ubersetzer Julius Seybt
260 _aİstanbul :
_be-Kitap Projesi & Cheapest Books,
_c2018
300 _a140 p.
650 4 _aDil ve Edebiyat
650 4 _aLanguage and Literature
650 0 _aİngiliz romanı
650 0 _aEnglish fiction
650 7 _aLITERARY COLLECTIONS / European / English, Irish, Scottish, Welsh
_2bisacsh
700 1 _aSeybt, Julius
856 4 0 _uhttp://search.ebscohost.com/login.aspx?direct=true&scope=site&db=e011xww&AN=1732467
999 _c16622
_d16622